[Event "Beirut op 11th"]
[Site "Beirut"]
[Date "2022.11.19"]
[Round "9"]
[White "Attieh, Kate"]
[Black "Bedrossian, Danielle Ghattas"]
[Result "1/2-1/2"]
[WhiteElo "1358"]
[BlackElo "1630"]
[PlyCount "78"]
[EventDate "2022.11.12"]
[EventType "swiss"]
[EventRounds "9"]
[EventCountry "LBN"]
[SourceTitle "EXT 2024"]
[Source "ChessBase"]
[SourceDate "2023.10.10"]
[SourceVersion "1"]
[SourceVersionDate "2023.10.10"]
[SourceQuality "1"]

1. e4 g6 2. d4 Bg7 3. Nf3 d6 4. Bc4 e6 5. 0-0 Nd7 6. Nc3 a6 7. Ng5 Nb6 8. Bb3 h6 9. Nf3 Ne7 10. Be3 0-0 11. a3 Kh7 12. Qd2 d5 13. e5 Nd7 14. Qd3 Nf5 15. Bd2 c5 16. dxc5 Nxc5 17. Qe2 Nxb3 18. cxb3 Bd7 19. a4 d4 20. Ne4 Bc6 21. Nc5 b6 22. Nd3 Qd5 23. Nf4 Qe4 24. Qd3 Qxd3 25. Nxd3 Bxf3 26. gxf3 Nh4 27. Bf4 g5 28. Bg3 Nxf3+ 29. Kg2 Nd2 30. Rfd1 Nxb3 31. Ra3 Nc5 32. Nb4 Rfd8 33. Nc6 Rd5 34. Rxd4 Rxd4 35. Nxd4 Rd8 36. Nf3 Rd5 37. a5 b5 38. Re3 Kg6 39. Kf1 Kf5 1/2-1/2

[Event "Beirut op 11th"]
[Site "Beirut"]
[Date "2022.11.18"]
[Round "8"]
[White "Bedrossian, Danielle Ghattas"]
[Black "Mouawad, Antoni"]
[Result "0-1"]
[WhiteElo "1630"]
[BlackElo "1177"]
[PlyCount "82"]
[EventDate "2022.11.12"]
[EventType "swiss"]
[EventRounds "9"]
[EventCountry "LBN"]
[SourceTitle "EXT 2024"]
[Source "ChessBase"]
[SourceDate "2023.10.10"]
[SourceVersion "1"]
[SourceVersionDate "2023.10.10"]
[SourceQuality "1"]

1. b3 Nf6 2. Bb2 g6 3. g3 Bg7 4. Bg2 d5 5. e3 0-0 6. d3 Nc6 7. Nd2 e5 8. Ne2 Re8 9. 0-0 Be6 10. h3 Qd7 11. Kh2 Rad8 12. a3 e4 13. Nf4 Ng4+ 14. hxg4 Bxb2 15. Nxe6 Qxe6 16. Ra2 Bc3 17. d4 Bxd2 18. Qxd2 Qxg4 19. Rh1 Rd6 20. c4 dxc4 21. bxc4 Ne5 22. Qc2 Nf3+ 23. Bxf3 Qxf3 24. c5 Rd5 25. Kg1 Ree5 26. Qe2 Qxe2 27. Rxe2 Re6 28. Kg2 b6 29. cxb6 cxb6 30. Rc2 Ra5 31. Rc3 b5 32. f3 f5 33. Rc8+ Kg7 34. Rc7+ Kf6 35. Rcxh7 exf3+ 36. Kxf3 Rxa3 37. Rxa7 Rexe3+ 38. Kf2 Rxg3 39. Rf7+ Kg5 40. Re7 Rgd3 41. Rd7 Ra4 0-1

[Event "Beirut op 11th"]
[Site "Beirut"]
[Date "2022.11.16"]
[Round "6"]
[White "Bedrossian, Danielle Ghattas"]
[Black "Kaddah, Hassan"]
[Result "1-0"]
[WhiteElo "1630"]
[BlackElo "1162"]
[PlyCount "48"]
[EventDate "2022.11.12"]
[EventType "swiss"]
[EventRounds "9"]
[EventCountry "LBN"]
[SourceTitle "CBM 211 Extra"]
[Source "ChessBase"]
[SourceDate "2023.01.31"]
[SourceVersion "1"]
[SourceVersionDate "2023.01.31"]
[SourceQuality "1"]

1. g3 Nf6 2. Bg2 g6 3. c4 Bg7 4. Nc3 0-0 5. Nf3 d6 6. 0-0 e5 7. d3 Nbd7 8. Rb1 a6 9. Bd2 h6 10. b4 Rb8 11. a4 c5 12. b5 a5 13. Ne1 b6 14. Qc1 Kh7 15. e4 Ne8 16. Ne2 f5 17. exf5 gxf5 18. f4 Bb7 19. Nf3 Qe7 20. Re1 Nef6 21. Nh4 Qe6 22. fxe5 dxe5 23. Nf4 Qf7 24. Nfg6 Rfe8 1-0

[Event "Olympiad Women-44"]
[Site "Chennai"]
[Date "2022.08.07"]
[Round "9.3"]
[White "Rayan, Sedee Mohamed"]
[Black "Bedrossian, Danielle Ghattas"]
[Result "0-1"]
[WhiteElo "1168"]
[BlackElo "1662"]
[PlyCount "72"]
[EventDate "2022.07.29"]
[EventType "team-swiss"]
[EventRounds "11"]
[EventCountry "IND"]
[SourceTitle "CBM 210"]
[Source "ChessBase"]
[SourceDate "2022.10.31"]
[SourceVersion "1"]
[SourceVersionDate "2022.10.31"]
[SourceQuality "1"]
[WhiteTeam "Sudan (W)"]
[BlackTeam "Lebanon (W)"]
[WhiteTeamCountry "SUD"]
[BlackTeamCountry "LBN"]

1. e4 g6 2. d4 Bg7 3. Nf3 d6 4. Bc4 e6 5. Nc3 Ne7 6. Be3 a6 7. a4 b6 8. Qd2 h6 9. d5 e5 10. 0-0 g5 11. Bd3 Ng6 12. Ne2 Nd7 13. Qc3 Nf6 14. Qc6+ Bd7 15. Qb7 0-0 16. Bxa6 Nxe4 17. Bb5 Nc5 18. Bxc5 bxc5 19. Bxd7 Qxd7 20. Qc6 Qxc6 21. dxc6 Ne7 22. c3 Nxc6 23. Rfd1 Rfd8 24. Ng3 Ne7 25. Nf1 d5 26. Re1 Ng6 27. Ne3 e4 28. Nd2 Ne7 29. f3 f5 30. fxe4 fxe4 31. Rf1 d4 32. cxd4 cxd4 33. Ng4 e3 34. Nc4 e2 35. Rfe1 d3 36. Nf2 Nf5 0-1

[Event "Mediterranean-ch 11th"]
[Site "Petrovac"]
[Date "2021.06.20"]
[Round "2"]
[White "Bedrossian, Danielle Ghattas"]
[Black "Elier, Ali"]
[Result "1-0"]
[WhiteElo "1641"]
[BlackElo "2037"]
[PlyCount "123"]
[EventDate "2021.06.19"]
[EventType "swiss"]
[EventRounds "9"]
[EventCountry "MNE"]
[SourceTitle "CBM 203 Extra"]
[Source "ChessBase"]
[SourceDate "2021.09.30"]
[SourceVersion "1"]
[SourceVersionDate "2021.09.30"]
[SourceQuality "1"]

1. b3 e5 2. Bb2 Nc6 3. g3 d5 4. Bg2 Nf6 5. d3 Bc5 6. e3 Bg4 7. Ne2 Qd7 8. h3 Be6 9. Nd2 Rd8 10. a3 a5 11. g4 0-0 12. Ng3 Ne8 13. Nf3 f6 14. 0-0 Nd6 15. c4 dxc4 16. dxc4 a4 17. b4 Nxc4 18. Qc2 Qd3 19. Qxd3 Rxd3 20. bxc5 Nxb2 21. Rab1 Rb3 22. Nd2 Rb5 23. Rfc1 Ba2 24. Ra1 Bb3 25. Nxb3 axb3 26. Rab1 Na4 27. Bd5+ Kh8 28. Rxb3 Rxb3 29. Bxb3 Nb2 30. Rb1 Nd3 31. Ne4 Ra8 32. Bc4 Rxa3 33. Rxb7 h5 34. Rxc7 Ncb4 35. gxh5 Ra1+ 36. Kg2 Rc1 37. Rc8+ Kh7 38. Bg8+ Kh6 39. Bf7 g5 40. hxg6 f5 41. Rh8+ Kg7 42. Rg8+ Kh6 43. Rh8+ Kg7 44. Rh7+ Kf8 45. Nd6 f4 46. g7+ Ke7 47. g8Q Ne1+ 48. Kf1 Ned3+ 49. Ke2 Rc2+ 50. Kf3 Rxf2+ 51. Ke4 Nxc5+ 52. Kxe5 Nd7+ 53. Kd4 Nc6+ 54. Kc3 Kxd6 55. Rh6+ Kc7 56. exf4 Rf3+ 57. Kd2 Ne7 58. Qg4 Rf2+ 59. Ke3 Rb2 60. f5 Ne5 61. Qf4 Rb5 62. Be6 1-0

[Event "Beirut op 10th"]
[Site "Beirut"]
[Date "2019.05.03"]
[Round "9"]
[White "Bedrossian, Danielle Ghattas"]
[Black "Muhssen, Fared Saleh"]
[Result "0-1"]
[WhiteElo "1676"]
[BlackElo "1898"]
[PlyCount "78"]
[EventDate "2019.04.25"]
[EventType "swiss"]
[EventRounds "9"]
[EventCountry "LBN"]
[SourceTitle "CBM 190 Extra"]
[Source "ChessBase"]
[SourceDate "2019.07.15"]
[SourceVersion "1"]
[SourceVersionDate "2019.07.15"]
[SourceQuality "1"]

1. b3 d5 2. Bb2 Nf6 3. g3 c5 4. Bg2 Nc6 5. d3 e5 6. e3 Be7 7. Nd2 Be6 8. Ne2 d4 9. e4 Qd7 10. h3 0-0-0 11. a3 Kb8 12. Nc1 Qc7 13. Qe2 h5 14. Na2 Nd7 15. 0-0-0 g6 16. Kb1 Nb6 17. Nc1 Bg5 18. h4 Bh6 19. Bh3 Bxh3 20. Rxh3 Qd7 21. Rhh1 Ne7 22. Rdf1 Qc7 23. a4 Rdf8 24. Nf3 f6 25. Nh2 f5 26. f3 Be3 27. Qg2 Rf6 28. Ne2 Rhf8 29. Bc1 Nxa4 30. bxa4 Qa5 31. Bxe3 dxe3 32. Nc1 Qxa4 33. Qe2 Ra6 34. Nb3 f4 35. gxf4 exf4 36. Qe1 Nc6 37. Qc3 Nd4 38. Qxc5 Qa2+ 39. Kc1 Nxb3+ 0-1

[Event "Beirut op 10th"]
[Site "Beirut"]
[Date "2019.04.27"]
[Round "3"]
[White "Novikova, Margarita"]
[Black "Bedrossian, Danielle Ghattas"]
[Result "1-0"]
[WhiteElo "2032"]
[BlackElo "1676"]
[PlyCount "73"]
[EventDate "2019.04.25"]
[EventType "swiss"]
[EventRounds "9"]
[EventCountry "LBN"]
[SourceTitle "CBM 190 Extra"]
[Source "ChessBase"]
[SourceDate "2019.07.15"]
[SourceVersion "1"]
[SourceVersionDate "2019.07.15"]
[SourceQuality "1"]

1. e4 b6 2. d4 Bb7 3. Bd3 g6 4. Nf3 Bg7 5. 0-0 d6 6. c3 e6 7. Re1 Nd7 8. Nbd2 Ne7 9. Nf1 0-0 10. Be3 h6 11. Qd2 Kh7 12. h4 Nf6 13. Qc2 Ng4 14. Bf4 f5 15. exf5 exf5 16. N1d2 Nd5 17. Bg3 Kh8 18. a3 Ndf6 19. c4 Nh5 20. Re6 Ngf6 21. Bh2 Re8 22. Rxe8+ Qxe8 23. Re1 Qf7 24. c5 dxc5 25. Ne5 Qd5 26. Nxg6+ Kh7 27. Nf3 Kxg6 28. Bc4 Qe4 29. Rxe4 Bxe4 30. Ne5+ Kh7 31. Bd3 cxd4 32. f3 Bxd3 33. Qxd3 c5 34. Qxf5+ Kg8 35. g4 Nxg4 36. Nxg4 d3 37. Qd5+ 1-0

[Event "Beirut op 9th"]
[Site "Beirut"]
[Date "2017.10.06"]
[Round "8"]
[White "Bedrossian, Danielle Ghattas"]
[Black "Iaali, Abdelrahman"]
[Result "1-0"]
[WhiteElo "1696"]
[BlackElo "1670"]
[PlyCount "55"]
[EventDate "2017.09.30"]
[EventType "swiss"]
[EventRounds "9"]
[EventCountry "LBN"]
[SourceTitle "CBM 181 Extra"]
[Source "ChessBase"]
[SourceDate "2017.12.12"]
[SourceVersion "1"]
[SourceVersionDate "2017.12.12"]
[SourceQuality "1"]

1. c4 Nf6 2. g3 g6 3. Bg2 Bg7 4. Nc3 0-0 5. e4 d6 6. Nge2 e5 7. d3 Be6 8. 0-0 Qc8 9. f4 Ng4 10. Nd5 Nc6 11. h3 Nh6 12. g4 f5 13. exf5 gxf5 14. g5 Nf7 15. h4 exf4 16. Nexf4 Bd4+ 17. Kh1 Bxd5 18. Bxd5 Ne7 19. Qh5 Nxd5 20. Nxd5 Qe6 21. Nf4 Qe5 22. g6 hxg6 23. Nxg6 Qe6 24. Nxf8 Kxf8 25. Qxf5 Qe7 26. Bg5 Qe8 27. Rae1 Qc6+ 28. Re4 1-0

[Event "Mediterranean-ch 10th"]
[Site "Beirut"]
[Date "2015.10.19"]
[Round "3"]
[White "Bedrossian, Danielle Ghattas"]
[Black "Haydar, Amin"]
[Result "0-1"]
[WhiteElo "1713"]
[BlackElo "1858"]
[PlyCount "43"]
[EventDate "2015.10.16"]
[EventType "swiss"]
[EventRounds "9"]
[EventCountry "LBN"]
[SourceTitle "EXT 2018"]
[Source "ChessBase"]
[SourceDate "2017.10.13"]
[SourceVersion "1"]
[SourceVersionDate "2017.10.13"]
[SourceQuality "1"]

1. c4 e5 2. Nc3 f5 3. g3 Nf6 4. Bg2 c6 5. d3 Na6 6. Nf3 d6 7. 0-0 Be7 8. b3 0-0 9. Bb2 h6 10. Re1 g5 11. e4 f4 12. d4 fxg3 13. hxg3 Ng4 14. Ne2 Qe8 15. Kf1 Qf7 16. Neg1 Nh2+ 17. Ke2 Nxf3 18. Bxf3 g4 19. dxe5 gxf3+ 20. Kf1 dxe5 21. Bxe5 Qh5 22. Re3 0-1

[Event "Beirut op 7th"]
[Site "Beirut"]
[Date "2014.05.08"]
[Round "3"]
[White "Shamieh, Jamal"]
[Black "Bedrossian, Danielle Ghattas"]
[Result "1-0"]
[WhiteElo "2091"]
[BlackElo "1731"]
[PlyCount "43"]
[EventDate "2014.05.06"]
[EventType "swiss"]
[EventRounds "9"]
[EventCountry "LBN"]
[SourceTitle "EXT 2016"]
[Source "ChessBase"]
[SourceDate "2015.10.08"]
[SourceVersion "1"]
[SourceVersionDate "2015.10.08"]
[SourceQuality "1"]

1. a3 e6 2. g3 c5 3. Bg2 Nf6 4. Nf3 Nc6 5. 0-0 g6 6. c4 Bg7 7. Nc3 d6 8. d3 0-0 9. Rb1 d5 10. Qc2 d4 11. Na4 Nd7 12. b4 Qe7 13. Bd2 cxb4 14. axb4 Rb8 15. b5 Nd8 16. Bb4 Qf6 17. Bxf8 Nxf8 18. c5 e5 19. Nd2 Nde6 20. Ne4 Qe7 21. c6 Nc5 22. Naxc5 1-0

[Event "Arab Games rapid (Women)"]
[Site "Doha"]
[Date "2011.12.12"]
[Round "8"]
[White "Al Harmoudi, Mona"]
[Black "Bedrossian, Danielle Ghattas"]
[Result "1/2-1/2"]
[WhiteElo "1795"]
[BlackElo "1796"]
[PlyCount "112"]
[EventDate "2011.12.11"]
[EventType "swiss (rapid)"]
[EventRounds "9"]
[EventCountry "QAT"]
[SourceTitle "CBM 145 Extra"]
[Source "ChessBase"]
[SourceDate "2012.01.03"]
[SourceVersion "1"]
[SourceVersionDate "2012.01.03"]
[SourceQuality "1"]

1. d4 Nf6 2. c4 e6 3. Nc3 Bb4 4. Qc2 b6 5. Bg5 Bb7 6. a3 Bxc3+ 7. bxc3 h6 8. Bxf6 Qxf6 9. e4 d6 10. Bd3 0-0 11. Ne2 Qg5 12. 0-0 e5 13. d5 Nd7 14. f4 exf4 15. Rxf4 Nc5 16. Raf1 Bc8 17. Nd4 Bd7 18. R1f3 Bg4 19. Rf2 Rae8 20. Be2 Bd7 21. Nf5 Qd8 22. Ng3 Re5 23. Bg4 Bxg4 24. Rxg4 Rg5 25. Rgf4 Qe7 26. h4 Rxg3 27. Qe2 Nd7 28. Kh2 Rg6 29. h5 Rf6 30. Qg4 Rxf4 31. Rxf4 Nf6 32. Qf5 Qe5 33. Qxe5 dxe5 34. Rh4 Rd8 35. Kg3 Rd6 36. Kf3 Nd7 37. Ke3 Rf6 38. g3 Nc5 39. Ke2 a5 40. Ke3 Na4 41. Kd2 Rf3 42. Rh1 Rxg3 43. Rc1 Rg2+ 44. Kd3 Rh2 45. c5 Nxc5+ 46. Kc4 Rxh5 47. Kb5 Rg5 48. Kc6 Rg6+ 49. Kxc7 Nxe4 50. c4 Nc5 51. Rb1 e4 52. d6 Na6+ 53. Kd7 Nb8+ 54. Kc7 Na6+ 55. Kd7 Nc5+ 56. Kc7 Na6+ 1/2-1/2